000 00436nam a2200133Ia 4500
008 230917s9999||||xx |||||||||||||| ||und||
040 _e92884
_aMAIN
041 _aEnglish
082 _a617.7 S22C
100 _aSaini, Janak Raj
245 0 _aComparative study of intra-operative complications in senile cataract with ex-yoliation syndrome with and without poster chamber intraocular lens implantation
300 _a80 p.
942 _cTH
999 _c79269
_d79269